Central Library OPAC University of Rajshahi

Theoretical biology / (Record no. 11199)

MARC details
000 -LEADER
fixed length control field 00996cam a22002772 4500
001 - CONTROL NUMBER
control field 11199
003 - CONTROL NUMBER IDENTIFIER
rucl marc code BD-RjUL
005 - DATE AND TIME OF LATEST TRANSACTION
control field 20211208235104.0
008 - FIXED-LENGTH DATA ELEMENTS--GENERAL INFORMATION
fixed length control field 140126s1926 enka 001 0 eng c
035 ## - SYSTEM CONTROL NUMBER
System control number OCLC ocm00962524 from D980120M
-- (BD-RjUL011248
040 ## - CATALOGING SOURCE
Original cataloging agency DLC/ICU
Transcribing agency CGU
Modifying agency OCL
-- EQO
-- BD-RjUL
Language of cataloging eng
041 1# - LANGUAGE CODE
Language code of text/sound track or separate title engger
082 ## - DEWEY DECIMAL CLASSIFICATION NUMBER
Classification number 570
Author mark and year UET
100 1# - MAIN ENTRY--PERSONAL NAME
Personal name Uexküll, Jakob von,
Dates associated with a name 1864-1944.
9 (RLIN) 34660
245 10 - TITLE STATEMENT
Title Theoretical biology /
Statement of responsibility, etc. by J. von Uexküll.
260 ## - PUBLICATION, DISTRIBUTION, ETC. (IMPRINT)
Place of publication, distribution, etc. London :
Name of publisher, distributor, etc. K. Paul, Trench, Trubner & co. ltd. ;
Place of publication, distribution, etc. New York :
Name of publisher, distributor, etc. Harcourt, Brace & company, inc.,
Date of publication, distribution, etc. 1926.
300 ## - PHYSICAL DESCRIPTION
Pagination xvi, 362 p. :
Illustrations diagrs. ;
Size 23 cm.
500 ## - GENERAL NOTE
General note "Translated by D.L. Mackinnon, D. Sc."
650 #0 - SUBJECT ADDED ENTRY--TOPICAL TERM
Topical term or geographic name as entry element Biology
General subdivision Philosophy.
9 (RLIN) 3798
700 1# - ADDED ENTRY--PERSONAL NAME
Personal name Mackinnon, Doris L.
Fuller form of name (Doris Livingston)
830 #0 - SERIES ADDED ENTRY--UNIFORM TITLE
Uniform title International library of psychology, philosophy, and scientific method
942 ## - ADDED ENTRY ELEMENTS (KOHA)
Source of classification or shelving scheme Dewey Decimal Classification
Koha item type Books
Holdings
Lost status Source of classification or shelving scheme Damaged status Not for loan Collection code Permanent Location Current Location Shelving location Date acquired Source of acquisition Cost, normal purchase price Total Checkouts Full call number Date last seen Copy number Koha item type
  Dewey Decimal Classification   Not For Loan Non-fiction Central Library, University of Rajshahi Central Library, University of Rajshahi   20/09/1955 B.H. Blackwell 60.00   570 UET 1926 26/01/2014 C-1 Books